LEADER 00646nam a2200193 i 4500 001 000000144843 003 CaOOAMICUS 005 20180530000000.0 008 180530s1844 it u000 u ita u 013 $a120206 040 $aSeMil$bita 245 10$aParte 1. 300 $a272 p. 773 0 $aRambelli, Gianfrancesco <1805-1865>$tIntorno invenzioni e scoperte italiane.$dModena : Tipografia Vincenzi e Rossi, 1844.$g1$w()31381 850 $aSeMil 852 $aSeMil$W1$xVenegono$y1$m3W IV 35 FA$j97685$B97685$CSeMilBibl$Z2$F105641 $8I 941 1 $a10 961 $aRecupero: Mantegazza 996 $6245$aParte 1$9(OLS)http://semarc/title/49080 LEADER 01044nam a2200241 i 4500 001 000000115967 003 CaOOAMICUS 005 20030605000000.0 008 030605s1997 it u000 u ita u 013 $a88656 040 $aSeMil$bita 100 1 $aSimoni, Zef.$0(OLS)http://semarc/name/47331 245 10$aLuci nella tenebra :$bla persecuzione della Chiesa in Albania /$cZef Simoni. 260 $aScutari :$bAt Gjergj Fishta,$c1997. 300 $a135 p. :$bill. + [1] c. di errata corrige. ;$c21 cm. 500 $aIn mezzo al front. : Dedica autografa dell'Autore. - Fondo Card. C.M. Martini. 650 4$aAlbania - Chiesa - Persecuzioni.$0(OLS)http://semarc/subject/20460 850 $aSeMil 852 $aSeMil$W1$xVenegono$y1$m3C II 67$j71454$B71454$CSeMilBibl$Z2$F85288 $81 941 1 $a4 961 $aOmaggio: Martini Card. Carlo Maria 996 $6245$aLuci nella tenebra :$bla persecuzione della Chiesa in Albania$9(OLS)http://semarc/title/169949 996 $6260$aScutari :$bAt Gjergj Fishta$9(OLS)http://semarc/publisher/45289